000 01289nam a2200265Ia 4500
003 OSt
005 20200716181108.0
008 191128s2008 ck ad gr 000 0dspa d
020 _a9789587250015
040 _aCO-JMCR
_cCO-JMCR
041 0 _aspa
082 1 4 _a330.9861 /
_bK147c
_223
100 1 _aKalmanovitz, Salomón,
_eautor
_95368
245 1 0 _aConsecuencias económicas del proceso de independencia en Colombia /
_cSalomón Kalmanovitz
250 _aPrimera edición
260 _aBogotá :
_bUniversidad Jorge Tadeo Lozano,
_c2008.
300 _a45 páginas :
_bgráficos a blanco y negro ;
_c21 cm.
490 0 _aEnsayo
504 _aBibliografía: páginas 41-44.
505 0 _aAntecedentes: auge colonial y excesos tributarios -- De las Constituciones localistas a la Gran Colombia -- La estructura económica después de la independencia -- La modernización fiscal, bancaria y legislativa -- Los costos y beneficios de la Independenc
520 0 _aEste ensayo intenta cuantificar las consecuencias económicas que tuvo la independencia de la Nueva Granada y la construcción de un nuevo Estado nacional colombiano.
650 1 4 _aHistoria económica
_ySiglo XIX
_zColombia
_97440
650 2 4 _aConsecuencias económicas
_ySiglo XIX
_zColombia
_97441
942 _2ddc
_cBK
999 _c5446
_d5446